Masnavi Molvi Mahnvi Rahmat Ullaha / (Record no. 528883)
[ view plain ]
| 000 -LEADER | |
|---|---|
| fixed length control field | 00335nam a22001337a 4500 |
| 003 - CONTROL NUMBER IDENTIFIER | |
| control field | NUST |
| 038 ## - RECORD CONTENT LICENSOR | |
| Staff Name | waseem |
| 082 ## - DEWEY DECIMAL CLASSIFICATION NUMBER | |
| Classification number | 891.55115 |
| Author Mark | RUM |
| 100 ## - MAIN ENTRY--PERSONAL NAME | |
| Personal name | Rumi, Jalal Ud Din |
| 9 (RLIN) | 15187 |
| 245 ## - TITLE STATEMENT | |
| Title | Masnavi Molvi Mahnvi Rahmat Ullaha / |
| Statement of responsibility, etc. | Jalal Ud Din Rumi |
| 260 ## - PUBLICATION, DISTRIBUTION, ETC. | |
| Place of publication, distribution, etc. | Lahore : |
| Name of publisher, distributor, etc. | Al-Faisal, |
| Date of publication, distribution, etc. | 1976. |
| 300 ## - PHYSICAL DESCRIPTION | |
| Extent | 368 p. ; |
| 942 ## - ADDED ENTRY ELEMENTS (KOHA) | |
| Source of classification or shelving scheme | |
| Koha item type | Book |
| Withdrawn status | Lost status | Source of classification or shelving scheme | Damaged status | Not for loan | Permanent Location | Current Location | Shelving location | Date acquired | Total Checkouts | Full call number | Barcode | Date last seen | Date last checked out | Price effective from | Koha item type |
|---|---|---|---|---|---|---|---|---|---|---|---|---|---|---|---|
| Central Library (CL) | Central Library (CL) | Punjabi Literature | 09/15/2019 | 2 | 891.55115 RUM | CL-E-1543 | 12/14/2023 | 01/17/2023 | 09/15/2019 | Book |
